English together : Pupils' Book 2 = Cliff castle
Сохранить в:
| Главный автор: | |
|---|---|
| Формат: | |
| Язык: | Undetermined |
| Опубликовано: |
UK
Longman
1992
|
| Предметы: | |
| Метки: |
Добавить метку
Нет меток, Требуется 1-ая метка записи!
|
| Thư viện lưu trữ: | Trung tâm Học liệu Trường Đại học Cần Thơ |
|---|
| LEADER | 00537nam a2200193Ia 4500 | ||
|---|---|---|---|
| 001 | CTU_53249 | ||
| 008 | 210402s9999 xx 000 0 und d | ||
| 082 | |a 428.24 | ||
| 082 | |b W378p/T2 | ||
| 100 | |a Diana Webster | ||
| 245 | 0 | |a English together : Pupils' Book 2 | |
| 245 | 0 | |b = Cliff castle | |
| 245 | 0 | |c Diana Webster and Anne Worrall | |
| 260 | |a UK | ||
| 260 | |b Longman | ||
| 260 | |c 1992 | ||
| 650 | |a english language | ||
| 650 | |x study and teaching ( elementary ) | ||
| 980 | |a Trung tâm Học liệu Trường Đại học Cần Thơ | ||